00330nam a2200109Ia 4500008004100000082000800041100001500049245003800064942000600102952009700108999001500205240331s9999 xx 000 0 und d bKES aKesavan, K 0aDravida lyakkamum molik kolkaiyum cL 001040708LaWERCLbWERCLcSSCd2024-03-31l0o 322.4 KESp1529r2024-03-31w2024-03-31yL c2370d2370